000 00472nam a2200181Ia 4500
001 15697
005 20260306170215.0
008 260306t2008||||xx |||||||||||||| ||und||
041 _aESP
082 _a577
_bV78
100 _aVizcarra Andréu, Manuel Alberto
_eAUT
245 0 _aEcosfera:
_bla ciencia ambiental y los desastres ecológicos
260 _c2008
300 _axxi, 525 páginas :
_c24 cm.
650 _aGEN
654 _aCIA
942 _cLIB
_dJUS
_fJUS
_2ddc
_n
999 _c15697
_d15697